Cuentos del futuro /

Guardado en:
Autor Principal: Bradbury, Ray
Otros Autores: Podestá, Beatriz, trad.
Formato: Libro
Publicado: Barcelona : Lumen, 1976
Materias:
Etiquetas: Agregar Etiqueta
Sin Etiquetas, Sea el primero en etiquetar este registro!
LEADER 00574nam a22001815a 4500
001 EHU.bham024267
008 130507s1976##################000#0#####d
005 20230224103846.0
245 1 0 |a Cuentos del futuro /  |c Ray Bradbury ; trad. por Beatriz Podestá. 
260 |a Barcelona :  |b Lumen,  |c 1976 
300 |a 226 p. 
100 1 |a Bradbury, Ray 
700 1 |a Podestá, Beatriz, trad. 
082 8 1 |a 813.5 B726-1 
653 |a Literatura estadounidense 
653 |a Ciencia ficción 
653 |a Cuento estadounidense 
859 |a AR-BHAM  |b BIB. HUMANIDADES - General  |h 813.5  |i B726-1  |p 28.02  |t Ej.1